MARC details
| 000 -LEADER |
| fixed length control field |
03811cam a22006014a 4500 |
| 001 - CONTROL NUMBER |
| control field |
ocm48811146 |
| 003 - CONTROL NUMBER IDENTIFIER |
| control field |
OCoLC |
| 005 - DATE AND TIME OF LATEST TRANSACTION |
| control field |
20171111123039.0 |
| 008 - FIXED-LENGTH DATA ELEMENTS--GENERAL INFORMATION |
| fixed length control field |
020115s2002 mau b 001 0 eng |
| 010 ## - LIBRARY OF CONGRESS CONTROL NUMBER |
| LC control number |
2002000420 |
| 015 ## - NATIONAL BIBLIOGRAPHY NUMBER |
| National bibliography number |
GBA2Y5964 |
| Source |
bnb |
| 016 7# - NATIONAL BIBLIOGRAPHIC AGENCY CONTROL NUMBER |
| Record control number |
15785143 |
| Source |
DE-101 |
| 020 ## - INTERNATIONAL STANDARD BOOK NUMBER |
| International Standard Book Number |
1578514371 |
| Qualifying information |
(alk. paper) |
| 020 ## - INTERNATIONAL STANDARD BOOK NUMBER |
| International Standard Book Number |
9781578514373 |
| Qualifying information |
(alk. paper) |
| 024 3# - OTHER STANDARD IDENTIFIER |
| Standard number or code |
9781578514373 |
| 029 1# - (OCLC) |
| OCLC library identifier |
AU@ |
| System control number |
000023319705 |
| 029 1# - (OCLC) |
| OCLC library identifier |
AU@ |
| System control number |
000024100840 |
| 029 1# - (OCLC) |
| OCLC library identifier |
CDX |
| System control number |
0109741 |
| 029 1# - (OCLC) |
| OCLC library identifier |
DEBBG |
| System control number |
BV014359153 |
| 029 1# - (OCLC) |
| OCLC library identifier |
DEBSZ |
| System control number |
120201399 |
| 029 1# - (OCLC) |
| OCLC library identifier |
HEBIS |
| System control number |
104732997 |
| 029 1# - (OCLC) |
| OCLC library identifier |
IG# |
| System control number |
9781578514373 |
| 029 1# - (OCLC) |
| OCLC library identifier |
NLGGC |
| System control number |
234680210 |
| 029 1# - (OCLC) |
| OCLC library identifier |
NZ1 |
| System control number |
16180693 |
| 029 1# - (OCLC) |
| OCLC library identifier |
NZ1 |
| System control number |
6701091 |
| 029 1# - (OCLC) |
| OCLC library identifier |
UNITY |
| System control number |
04335792X |
| 029 1# - (OCLC) |
| OCLC library identifier |
YDXCP |
| System control number |
1832877 |
| 035 ## - SYSTEM CONTROL NUMBER |
| System control number |
(OCoLC)48811146 |
| Canceled/invalid control number |
(OCoLC)50102272 |
| -- |
(OCoLC)1001862830 |
| 037 ## - SOURCE OF ACQUISITION |
| Source of stock number/acquisition |
Perseus Distribution Services, 1094 Flex Dr, Jackson, TN, USA, 38301-5070 |
| Note |
SAN 631-760X |
| 040 ## - CATALOGING SOURCE |
| Original cataloging agency |
DLC |
| Language of cataloging |
eng |
| Transcribing agency |
DLC |
| Modifying agency |
UKM |
| -- |
C#P |
| -- |
LVB |
| -- |
BAKER |
| -- |
BTCTA |
| -- |
YDXCP |
| -- |
P#O |
| -- |
OCLCG |
| -- |
IG# |
| -- |
DEBBG |
| -- |
OCL |
| -- |
CDX |
| -- |
OCL |
| -- |
VP@ |
| -- |
ALAUL |
| -- |
BDX |
| -- |
BUR |
| -- |
OCLCF |
| -- |
BEDGE |
| -- |
OCLCQ |
| -- |
SDS |
| -- |
DEBSZ |
| -- |
OCLCQ |
| -- |
CFT |
| -- |
NZABT |
| -- |
OCLCO |
| -- |
MNLUT |
| -- |
THHCU |
| -- |
XFF |
| -- |
WNC |
| -- |
B@L |
| -- |
CNUTO |
| -- |
N3T |
| -- |
VGM |
| -- |
IOD |
| -- |
YDX |
| -- |
OCLCO |
| -- |
MOR |
| -- |
BNG |
| -- |
THHCU |
| -- |
SFR |
| -- |
ATSAE |
| -- |
BCLCN |
| -- |
ESU |
| -- |
CSAIL |
| -- |
ILM |
| -- |
VZT |
| -- |
UX0 |
| -- |
OCLCQ |
| 042 ## - AUTHENTICATION CODE |
| Authentication code |
pcc |
| 049 ## - LOCAL HOLDINGS (OCLC) |
| Holding library |
TZAA |
| 050 00 - LIBRARY OF CONGRESS CALL NUMBER |
| Classification number |
HD57 |
| Item number |
.H39 |
| 082 00 - DEWEY DECIMAL CLASSIFICATION NUMBER |
| Classification number |
303.3/4 |
| Edition number |
21 |
| 100 1# - MAIN ENTRY--PERSONAL NAME |
| Personal name |
Heifetz, Ronald A. |
| Fuller form of name |
(Ronald Abadian), |
| Dates associated with a name |
1951- |
| 245 10 - TITLE STATEMENT |
| Title |
Leadership on the line : staying alive through the dangers of leading |
| Remainder of title |
staying alive through the dangers of leading / |
| Statement of responsibility, etc |
Ronald A. Heifetz, Marty Linsky. |
| 260 ## - PUBLICATION, DISTRIBUTION, ETC. (IMPRINT) |
| Place of publication, distribution, etc |
Boston, Mass. : |
| Name of publisher, distributor, etc |
Harvard Business School Press, |
| Date of publication, distribution, etc |
2002. |
| 300 ## - PHYSICAL DESCRIPTION |
| Extent |
xi, 252 pages ; |
| Dimensions |
24 cm |
| 504 ## - BIBLIOGRAPHY, ETC. NOTE |
| Bibliography, etc |
Includes bibliographical references (pages 237-241) and index. |
| 505 00 - FORMATTED CONTENTS NOTE |
| Miscellaneous information |
Part 1. |
| Title |
The challenge. Heart of danger ; |
| -- |
The faces of danger -- |
| Miscellaneous information |
Part 2. |
| Title |
The response. Get on the balcony ; |
| -- |
Think politically ; |
| -- |
Orchestrate the conflict ; |
| -- |
Give the work back ; |
| -- |
Hold steady -- |
| Miscellaneous information |
Part 3. |
| Title |
Body and soul. Manage your hungers ; |
| -- |
Anchor yourself ; |
| -- |
What's on the line? ; |
| -- |
Sacred heart. |
| 520 ## - SUMMARY, ETC. |
| Summary, etc |
Every day, opportunities to lead call out to us. At work and at home, in our local communities and in the global village, the chance to make a difference beckons. Yet often, we hesitate. For all its passion and promise, for all its excitement and rewards, leading is risky, dangerous work. Why? Because real leadership--the kind that surfaces conflict, challenges long-held beliefs, and demands new ways of doing things--causes pain. And when people feel threatened, they take aim at the person pushing for change. As a result, leaders often get hurt both personally and professionally. In this book, the authors combine a half century of teaching and consulting experience to show one can put oneself on the line, respond effectively to the risks, and live to celebrate the efforts. With examples including presidents of countries and of organizations, everyday managers and prominent activists, politicians and parents, the authors illustrate proven strategies for surviving and thriving amidst the dangers of leading.--From publisher description. |
| 650 #0 - SUBJECT ADDED ENTRY--TOPICAL TERM |
| Topical term or geographic name as entry element |
Leadership. |
| 650 #6 - SUBJECT ADDED ENTRY--TOPICAL TERM |
| Topical term or geographic name as entry element |
Leadership. |
| 650 #7 - SUBJECT ADDED ENTRY--TOPICAL TERM |
| Topical term or geographic name as entry element |
Leadership. |
| Source of heading or term |
eclas |
| 650 #7 - SUBJECT ADDED ENTRY--TOPICAL TERM |
| Topical term or geographic name as entry element |
Leadership. |
| Source of heading or term |
fast |
| 650 #4 - SUBJECT ADDED ENTRY--TOPICAL TERM |
| Topical term or geographic name as entry element |
Leadership. |
| 700 1# - ADDED ENTRY--PERSONAL NAME |
| Personal name |
Linsky, Martin. |
| 856 41 - ELECTRONIC LOCATION AND ACCESS |
| Materials specified |
Table of contents |
| Uniform Resource Identifier |
<a href="http://bvbr.bib-bvb.de:8991/F?func=service&doc_library=BVB01&doc_number=009841131&line_number=0001&func_code=DB_RECORDS&service_type=MEDIA">http://bvbr.bib-bvb.de:8991/F?func=service&doc_library=BVB01&doc_number=009841131&line_number=0001&func_code=DB_RECORDS&service_type=MEDIA</a> |
| 856 41 - ELECTRONIC LOCATION AND ACCESS |
| Materials specified |
Table of contents |
| Uniform Resource Identifier |
<a href="http://swbplus.bsz-bw.de/bsz120201399inh.htm">http://swbplus.bsz-bw.de/bsz120201399inh.htm</a> |
| 856 4# - ELECTRONIC LOCATION AND ACCESS |
| Materials specified |
Cover image |
| Uniform Resource Identifier |
<a href="https://covers.openlibrary.org/b/id/834760-M.jpg">https://covers.openlibrary.org/b/id/834760-M.jpg</a> |
| 856 4# - ELECTRONIC LOCATION AND ACCESS |
| Materials specified |
Verlagsinformation |
| Uniform Resource Identifier |
<a href="http://swbplus.bsz-bw.de/bsz120201399vlg.htm">http://swbplus.bsz-bw.de/bsz120201399vlg.htm</a> |
| 942 ## - ADDED ENTRY ELEMENTS (KOHA) |
| Source of classification or shelving scheme |
Library of Congress Classification |
| Koha item type |
Books |